000 00322nam a22001457a 4500
008 230515b ||||| |||| 00| 0 eng d
020 _a9780465090440
041 _aeng
080 _a521
082 _a521DUV
100 _a19
101 _aASTRO
245 _aLIFE AS A COSMIC IMPERATIVE
_cDUVE DE.CH
942 _2udc
_cBK
999 _c59703
_d59703